|
|
|
|
| LEADER |
00000cam a2200000 7i4500 |
| 001 |
0000079818 |
| 005 |
20180613.0 |
| 008 |
180613 |
| 020 |
|
|
|a 9830411761
|
| 090 |
0 |
0 |
|a AD
|b MAL
|
| 245 |
0 |
0 |
|a Pemburuan batu permata (150)
|c Disusun oleh Rose Hashim
|
| 260 |
|
|
|a Kuala lumpur :
|b Hasratpelajar ,
|c 1997
|
| 490 |
1 |
|
|a Siri hadi
|
| 999 |
|
|
|a 0000445119
|b Book
|c Adult Collection
|e Cawangan Muar
|
| 999 |
|
|
|a 0000769367
|b Book
|c Children Collection
|e Cawangan Bandar Penawar
|
| 999 |
|
|
|a 0000769369
|b Book
|c Children Collection
|e Cawangan Bandar Penawar
|
| 999 |
|
|
|a 0000778149
|b Book
|c Children Collection
|e Cawangan Pontian
|
| 999 |
|
|
|a 0000778150
|b Book
|c Children Collection
|e Cawangan Pontian
|
| 999 |
|
|
|a 0000778151
|b Book
|c Children Collection
|e Cawangan Pontian
|
| 999 |
|
|
|a 0000778152
|b Book
|c Children Collection
|e Cawangan Pontian
|
| 999 |
|
|
|a 0000778153
|b Book
|c Children Collection
|e Cawangan Pontian
|
| 999 |
|
|
|a 0000792466
|b Book
|c Children Collection
|e Cawangan Segamat
|
| 999 |
|
|
|a 0000792467
|b Book
|c Children Collection
|e Cawangan Segamat
|
| 999 |
|
|
|a 0000792468
|b Book
|c Children Collection
|e Cawangan Segamat
|
| 999 |
|
|
|a 0000867693
|b Book
|c Children Collection
|e Cawangan Muar
|